| 000 | 01138cam a2200361 a 4500 | ||
|---|---|---|---|
| 001 | |||
| 003 | DO-SdBNP | ||
| 005 | 20210514095953.0 | ||
| 007 | |||
| 008 | 020930s2017 dr a 000 1 spa | ||
| 010 | _a | ||
| 020 | _a9789945492897 | ||
| 040 |
_aBPMSU _cspa _bBPMSU |
||
| 082 |
_aRD861.5 _bS587i 2017 _222 |
||
| 100 | 1 | _a Silverio, Rosa | |
| 111 | 2 | _n | |
| 245 | 1 | 4 |
_aIntervención de la locura / _cRosa Silverio _b |
| 260 |
_aSanto Domingo : _bMinisterio de Cultura ; _bEditora Nacional _c 2017 |
||
| 300 |
_a83 p. ; _c22 cm. _b |
||
| 490 | 0 | _aPoesía | |
| 500 | _aIncluye datos biográficos del autora en la solapa de la cubierta | ||
| 500 | _aJurado :Cayo Claudio Espinal, Ramón Peralta y Alberto Peraza Ceballo | ||
| 586 | _aPremio Letras de Ultramar de Poesía 2016 | ||
| 590 | _6Inventariado, 2021/VM | ||
| 650 | 4 |
_aCertámenes literarios _zRepública Dominicana |
|
| 650 | 4 | _aPoesías dominicanas | |
| 650 | 4 |
_aLiteratura dominicana _v |
|
| 650 | 4 | _a | |
| 700 | 1 | _a | |
| 711 | 2 |
_aPremio Letras de Ultramar de Poesías, _d(2017 : _cSanto Domingo ) |
|
| 910 | _aVMateo | ||
| 942 |
_2ddc _cBK |
||
| 999 |
_c13493 _d13493 |
||